ORAL AND MAXILLOFACIAL PATHOLOGY (Record no. 4577)

MARC details
000 -LEADER
fixed length control field 00365nam a2200145Ia 4500
008 - FIXED-LENGTH DATA ELEMENTS--GENERAL INFORMATION
fixed length control field 150201s2010 xx 000 0 und d
082 ## - DEWEY DECIMAL CLASSIFICATION NUMBER
Classification number 616.0707
Item number O2010N
100 ## - MAIN ENTRY--PERSONAL NAME
Personal name NEVILLE,BRAD W.
245 ## - TITLE STATEMENT
Title ORAL AND MAXILLOFACIAL PATHOLOGY
250 ## - EDITION STATEMENT
Edition statement 3RD
260 ## - PUBLICATION, DISTRIBUTION, ETC. (IMPRINT)
Name of publisher, distributor, etc. SAUNDERS
Place of publication, distribution, etc. PHILADELPHIA
Date of publication, distribution, etc. 2010
300 ## - PHYSICAL DESCRIPTION
Extent 1-968
650 ## - SUBJECT ADDED ENTRY--TOPICAL TERM
Topical term or geographic name as entry element ORAL PATHOLOGY
942 ## - ADDED ENTRY ELEMENTS (KOHA)
Source of classification or shelving scheme Dewey Decimal Classification
Koha item type Books
Koha issues (borrowed), all copies 8
Holdings
Withdrawn status Lost status Source of classification or shelving scheme Damaged status Not for loan Home library Current library Date acquired Source of acquisition Cost, normal purchase price Serial Enumeration / chronology SGTU Bill Number Total Checkouts Full call number Barcode Date last seen Date last checked out Bill Date Koha item type
    Dewey Decimal Classification     SGT Dental Library SGT Dental Library 17/11/2010 U.B.S.DELHI 1525.00 1 SGTU 664 10 616.0707 O2010N FD6315 16/06/2025 14/06/2025 08/04/2013 Books
    Dewey Decimal Classification     SGT Dental Library SGT Dental Library 17/11/2010 U.B.S.DELHI 1525.00 1 SGTU 664 7 616.0707 O2010N FD6316 17/10/2025 07/10/2025 08/04/2013 Books